000 00397cam a2200157ua 4500
041 _aeng
_h
082 _a612.8
_bGAL/NE
100 _aGalambos, Robert .
245 _aNerves and muscles /
_cRobert Galambos.
_hTextual Documents
250 _a1 /
_b.
260 _aMumbai :
_bVakils fefler and simons pvt Ltd ,
_c1965.
300 _a158 ; .
504 _a
942 _cBK
999 _c2650
_d2650